| 000 | 00997nam a22002537a 4500 | ||
|---|---|---|---|
| 005 | 20100406150024.0 | ||
| 008 | 100406t xxu||||| |||| 00| 0 eng d | ||
| 010 | _aENG-95972 | ||
| 020 |
_a9788131729052 _c349.00 |
||
| 035 | _aEN-79505 | ||
| 037 | _bDBAD/VEN | ||
| 040 | _aDPL | ||
| 082 | _a000 | ||
| 100 | _aThorpe, Showick | ||
| 245 |
_aThe Pearson guide to the Central Police Forces (Assistant Commandants) examination/ _cby Showick Thorpe and Edgar Thorpe |
||
| 250 | _a2nd ed. | ||
| 260 |
_aNew Delhi _bDorling Kindersley (India) Pvt. Ltd. Licensees of Pearson Education _c2010 |
||
| 270 |
_a14, Local Shopping Centre, Panchsheel Park _bNew Delhi _e110017 |
||
| 300 |
_aVarious pagings ; _c24 cm. (Pbk) |
||
| 700 | _aThorpe, Edgar | ||
| 942 |
_2ddc _cEN _mTHO _h000 |
||
| 999 |
_c35103 _d35103 |
||